100 oiseaux les plus communs de France - Statistiques

Statistiques générales
  • Ce quiz a été pris 294 fois
  • Le résultat moyen est 46 sur 100
Statistiques - réponses
Réponse % Correct
Corvidé Pie bavarde
82%
Passereau Moineau domestique
81%
Rapace Buse variable
79%
Anatidé Canard colvert
79%
Passereau Mésange bleue
77%
Passereau Rougegorge familier
77%
Columbidé Pigeon ramier
76%
Corvidé Corneille noire
75%
Laridé Mouette rieuse
73%
Picidé Pic vert
73%
Passereau Mésange charbonnière
72%
Echassier Héron cendré
71%
Passereau Merle noir
69%
Rapace Faucon crécerelle
66%
Alcyonidé Martin-pêcheur d'Europe
65%
Rapace Faucon pélerin
62%
Picidé Pic épeiche
62%
Rapace Vautour fauve
61%
Echassier Cigogne blanche
60%
Upupidé Huppe fasciée
59%
Passereau Mésange noire
59%
Passereau Pinson des arbres
59%
Rallidé Gallinule poule-d'eau
58%
Corvidé Corbeau freux
57%
Corvidé Grand Corbeau
57%
Anatidé Oie cendrée
57%
Columbidé Tourterelle turque
57%
Anatidé Cygne tuberculé
56%
Corvidé Geai des chênes
56%
Rapace Epervier d'Europe
55%
Columbidé Pigeon biset
55%
Corvidé Choucas des tours
54%
Parasite de couvée Coucou gris
54%
Rapace Milan royal
53%
Passereau Etourneau sansonnet
52%
Gallinacé Faisan de Colchide
52%
Rapace Milan noir
52%
Passereau Chardonneret élégant
51%
Passereau Alouette des champs
50%
Rallidé Foulque macroule
50%
Echassier Aigrette garzette
48%
Phalacrocoracidé Grand Cormoran
48%
Echassier Grande Aigrette
48%
Passereau Grive musicienne
48%
Passereau Verdier d'Europe
48%
Anatidé Canard souchet
47%
Laridé Goéland argenté
47%
Limicole Bécassine des marais
45%
Echassier Grue cendrée
45%
Passereau Hirondelle rustique
44%
Passereau Fauvette à tête noire
43%
Apodidé Martinet noir
42%
Passereau Rougequeue noir
42%
Passereau Mésange nonnette
41%
Anatidé Sarcelle d'hiver
41%
Columbidé Tourterelle des bois
41%
Passereau Bergeronnette grise
40%
Passereau Bruant zizi
40%
Echassier Héron garde-boeufs
40%
Laridé Sterne pierregarin
38%
Passereau Troglodyte mignon
38%
Podicipédidé Grèbe huppé
37%
Passereau Grive draine
37%
Passereau Mésange huppée
37%
Limicole Courlis cendré
35%
Passereau Serin cini
35%
Passereau Sittelle torchepot
35%
Limicole Vanneau huppé
35%
Limicole Avocette élégante
34%
Passereau Bergeronnette des ruisseaux
34%
Rapace Busard des roseaux
34%
Passereau Accenteur mouchet
33%
Rapace Busard Saint-Martin
33%
Limicole Echasse blanche
33%
Passereau Pie-grièche écorcheur
33%
Passereau Pouillot véloce
33%
Limicole Chevalier gambette
32%
Passereau Grimpereau des jardins
32%
Passereau Hirondelle de fenêtre
32%
Passereau Linotte mélodieuse
32%
Anatidé Canard pilet
31%
Anatidé Fuligule milouin
31%
Anatidé Fuligule morillon
31%
Limicole Huîtrier pie
29%
Limicole Grand Gravelot
28%
Passereau Roitelet huppé
28%
Limicole Spatule blanche
28%
Passereau Bergeronnette printanière
27%
Anatidé Canard chipeau
27%
Laridé Goéland leucophée
27%
Podicipédidé Grèbe castagneux
27%
Passereau Orite à longue queue
27%
Limicole Chevalier guignette
26%
Passereau Hirondelle de rivage
26%
Passereau Tarier pâtre
26%
Passereau Pipit farlouse
25%
Anatidé Tadorne de Belon
25%
Passereau Roitelet à triple bandeau
23%
Limicole Chevalier culblanc
21%
Passereau Traquet motteux
18%
Aucun quiz correspondant
Distribution des résultats
% des personnes avec chaque résultat
Percentile par nombre de réponses
Votre historique - résultats
Vous n’avez pas pris ce quiz